Invest in Penang [
| Format: | Book |
|---|---|
| Published: |
[s.l]:
Penang Development Corporation,
2000.
|
| Subjects: |
| LEADER | 00441cam a2200133 7i4500 | ||
|---|---|---|---|
| 001 | 0000008054 | ||
| 005 | 20000817090000.0 | ||
| 090 | 0 | 0 | |a CD-ROM 156 |b INV |
| 245 | 0 | 0 | |a Invest in Penang [ |m electronic resource]. |
| 260 | 0 | 0 | |a [s.l]: |b Penang Development Corporation, |c 2000. |
| 300 | # | # | |a Electronic computer optical disc (CD-ROM). |
| 650 | 0 | 0 | |a Malaysia -- |x Investments |
| 651 | 0 | 0 | |a Malaysia |
| 999 | |a 0000011814 |b CD-ROM |c AV Collection |e Business Information Centre | ||